<?xml version="1.0" encoding="utf-8"?>
<?xml-stylesheet type='text/xsl' href='./oai2.xsl'?>
<OAI-PMH xmlns="http://www.openarchives.org/OAI/2.0/" xmlns:xsi="http://www.w3.org/2001/XMLSchema-instance" xsi:schemaLocation="http://www.openarchives.org/OAI/2.0/ http://www.openarchives.org/OAI/2.0/OAI-PMH.xsd">
  <responseDate>2026-06-07T07:40:01Z</responseDate>
  <request verb="GetRecord" metadataPrefix="marcxml" identifier="record_kuniweb_399719">https://kulturerbe.niedersachsen.de/oai</request>
  <GetRecord>
    <record>
      <header>
        <identifier>record_kuniweb_399719</identifier>
        <datestamp>2026-03-31T19:09:18Z</datestamp>
        <setSpec>slg0186</setSpec>
      </header>
      <metadata>
        <marc:record xmlns:marc="http://www.loc.gov/MARC21/slim" xsi:schemaLocation="http://www.loc.gov/MARC21/slim http://www.loc.gov/standards/marcxml/schema/MARC21slim.xsd">
          <marc:leader>12345nkm  22     uu 4500</marc:leader>
          <marc:controlfield tag="001">399719</marc:controlfield>
          <marc:controlfield tag="003">http://kuniweb.gbv.de</marc:controlfield>
          <marc:controlfield tag="005">2022-04-29T08:58:36</marc:controlfield>
          <marc:controlfield tag="008">|           ||||||||||||||||||||||</marc:controlfield>
          <marc:datafield tag="245" ind1="1" ind2="0">
            <marc:subfield code="a">Rechter Teil des Glasfensters aus St. Katharinen: Die Opferung Isaaks</marc:subfield>
          </marc:datafield>
          <marc:datafield tag="655" ind1=" " ind2="7">
            <marc:subfield code="a">Kunsthandwerk</marc:subfield>
          </marc:datafield>
          <marc:datafield tag="046" ind1=" " ind2=" ">
            <marc:subfield code="k">1553</marc:subfield>
            <marc:subfield code="k">1553</marc:subfield>
          </marc:datafield>
          <marc:datafield tag="260" ind1=" " ind2=" ">
            <marc:subfield code="g">1553</marc:subfield>
            <marc:subfield code="g">1553</marc:subfield>
          </marc:datafield>
          <marc:datafield tag="520" ind1=" " ind2=" ">
            <marc:subfield code="a">Der rechte Teil des Glasfensters zeigt die Opferung, bzw. die Bindung Isaaks, die in Gen 22, 1-19 beschrieben wird. Abraham wird von Gott befohlen, seinen Sohn Isaak zu opfern. Durch seinen Gottesgehorsam führt Abraham seinen Sohn zu dem Opfertisch. Erst kurz vor der Tat hält ein Engel Abraham davon ab, seinen einzigen Sohn zu opfern. Damit wird der Tod Christi am Kreuz als prophetische Deutung eines in der Zukunft sich vollziehenden Opfers vorweggenommen. Die herkömmliche Darstellung der Opferung Isaaks zeigt in der Regel Abraham mit erhobenem Arm ein Schwert führend und Isaak auf oder neben dem Altar kniend oder kauernd. Dieser Bildtypus, der sich bereits früh für die christliche Darstellung herausgebildet hatte und vielfach auch
im jüdischen Kontext adaptiert wurde, fand vor allem dort Verbreitung, wo die lateinische Bibel, die Vulgata, gelesen wurde.  (Städtisches Museum Braunschweig)

Verwendungszweck:
Kirchenfenster

Gebrauchsort:
Braunschweig (Niedersachsen) (St. Katharinen)

Veröffentlicht in:
Elena Kozina: Die mittelalterlichen Glasmalereien in Niedersachsen ohne Lüneburg und die Heideklöster. Berlin 2017, S. 66, 110-122, 467 u. 484f., Abb. 42-44.</marc:subfield>
          </marc:datafield>
          <marc:datafield tag="650" ind1="1" ind2=" ">
            <marc:subfield code="a">Opfer</marc:subfield>
          </marc:datafield>
          <marc:datafield tag="650" ind1="1" ind2=" ">
            <marc:subfield code="a">Glasmalerei</marc:subfield>
          </marc:datafield>
          <marc:datafield tag="650" ind1="1" ind2=" ">
            <marc:subfield code="a">Architektur &gt; Fenster &gt; Bleiglasfenster</marc:subfield>
          </marc:datafield>
          <marc:datafield tag="650" ind1="1" ind2=" ">
            <marc:subfield code="a">Kirchenausstattung</marc:subfield>
          </marc:datafield>
          <marc:datafield tag="773" ind1="0" ind2=" ">
            <marc:subfield code="t">Sammlung Kunstgewerbe</marc:subfield>
          </marc:datafield>
          <marc:datafield tag="852" ind1=" " ind2=" ">
            <marc:subfield code="a">Städtisches Museum Braunschweig</marc:subfield>
          </marc:datafield>
          <marc:datafield tag="" ind1=" " ind2=" ">
            <marc:subfield code="a">Namensnennung - Nicht kommerziell - Keine Bearbeitungen 4.0 International (CC BY-NC-ND 4.0)</marc:subfield>
          </marc:datafield>
        </marc:record>
      </metadata>
    </record>
  </GetRecord>
</OAI-PMH>
